000 00666nam a22002177a 4500
003 OSt
005 20251205034019.0
008 251205b |||||||| |||| 00| 0 eng d
020 _a07611-14005x
040 _aDWCL-Main lib.
_cOC
082 _aCirc. 658.314 N424 1999
100 _aNelson, Bob
245 _a1001 ways employees can take initiative/
_cBob Nelson
260 _aNew York :
_bWorkman Publishing,
_c c1999.
300 _axv, 240 pages :
_billustrations ;
_c21cm.
504 _aIncludes appendixes.
650 _a1. Employee motivation.
650 _a2. Industrial effeciency.
650 _a3. Leadership.
942 _2ddc
_cBK-CIRC
_hCirc.
_n0
999 _c6924
_d6924